Поиск оптимальных параметров нейросети для решения задач управления; Современные техника и технологии; Т. 2

Λεπτομέρειες βιβλιογραφικής εγγραφής
Parent link:Современные техника и технологии: 14 Международная научно-практическая конференция студентов, аспирантов и молодых ученых, г. Томск, 24-28 марта 2008 г./ Томский политехнический университет (ТПУ).— , 2008
Т. 2.— 2008.— С. 266-267
Κύριος συγγραφέας: Вичугова А. А. Анна Александровна
Άλλοι συγγραφείς: Вичугов В. Н. Владимир Николаевич (научный руководитель), Вичугов В. Н.
Γλώσσα:Ρωσικά
Έκδοση: 2008
Θέματα:
Μορφή: Κεφάλαιο βιβλίου
KOHA link:https://koha.lib.tpu.ru/cgi-bin/koha/opac-detail.pl?biblionumber=151195

MARC

LEADER 00000naa2a2200000 4500
001 151195
005 20231031150549.0
035 |a (RuTPU)RU\TPU\book\163930 
090 |a 151195 
100 |a 20090120d2008 k y0rusy50 ca 
101 0 |a rus 
102 |a RU 
200 1 |a Поиск оптимальных параметров нейросети для решения задач управления  |f А. А. Вичугова, В. Н. Вичугов  |g науч. рук. В. Н. Вичугов 
320 |a Библиогр.: 3 назв. 
461 1 |0 (RuTPU)RU\TPU\book\156858  |t Современные техника и технологии  |o 14 Международная научно-практическая конференция студентов, аспирантов и молодых ученых, г. Томск, 24-28 марта 2008 г.  |o труды  |o в 3 т.  |f Томский политехнический университет (ТПУ)  |d 2008 
463 1 |0 (RuTPU)RU\TPU\book\158716  |t Т. 2  |v С. 266-267  |d 2008  |p 434 с. 
610 1 |a нейросети 
610 1 |a управление 
610 1 |a оптимальные параметры 
610 1 |a нейросетевые технологии 
610 1 |a системы искусственного интеллекта 
610 1 |a труды учёных ТПУ 
700 1 |a Вичугова  |b А. А.  |c специалист в области информатики и вычислительной техники  |c ассистент Томского политехнического университета  |f 1986-  |g Анна Александровна  |2 stltpush  |3 (RuTPU)RU\TPU\pers\28982 
701 1 |a Вичугов  |b В. Н.  |c специалист в области автоматического управления  |c доцент Томского политехнического университета, кандидат технических наук  |f 1982-  |g Владимир Николаевич  |2 stltpush  |3 (RuTPU)RU\TPU\pers\25929 
702 1 |a Вичугов  |b В. Н.  |4 727 
801 1 |a RU  |b 63413507  |c 20090120  |g PSBO 
801 2 |a RU  |b 63413507  |c 20150409  |g RCR 
942 |c BK